Airlines Serving the Airports of France - Statistics

General Stats
  • This quiz has been taken 345 times
  • The average score is 77 of 173
Answer Stats
Hint Answer % Correct
AJA | BES | BIA | BIQ | BOD | CAY | CDG | CFE | CLY | FDF | FSC | LIL | LRT | LYS | MLH | MPL | MRS | NCE | NTE | ORY | PGF | PPT | PTP | PUF | RNS | RUN | SXB | TLN | TLS | UIP Air France
94%
CDG | FDF American Airlines
93%
FDF | PTP American Eagle
93%
CDG | LYS | NCE Emirates
92%
BIA | BOD | CDG | CMF | EGC | FSC | GNB | LYS | MLH | MPL | MRS | NCE | TLS | UIP British Airways
91%
BIA | BIQ | BOD | CDG | LYS | MLH | MRS | NTE | ORY | RNS | SXB | TLS Lufthansa
91%
CDG | NCE Air China
90%
CDG | NCE Delta Air Lines
90%
BES | BIQ | BOD | BVA | BVE | BZR | CCF | CFE | DLE | DNR | EGC | FNI | FSC | GNB | LDE | LIG | LIL | LRH | LRT | MLH | MRS | NCE | NTE | PGF | PIS | RDZ | SXB | TLS | TUF | XCR Ryanair
89%
BOD | CDG | LYS | MLH | MPL | MRS | NCE | TLS KLM
88%
CDG | NCE | PPT United Airlines
88%
BIA | MLH | ORY Iberia
86%
CDG | LYS | NCE | NTE | RNS | TLS Iberia Express
86%
BOD | CDG | LYS | MRS | NCE | NTE | SXB | TLS | XCR Iberia Regional
86%
CDG | FDF | LYS | NCE | PTP | TLS Air Canada
85%
BOD | MRS Air Canada Rouge
85%
AJA | BES | BIA | BIQ | BOD | CDG | FSC | GNB | LIL | LRH | LYS | MLH | MPL | MRS | NCE | NTE | ORY | RNS | TLS easyJet
85%
AJA | BIA | BIQ | BOD | CLY | FSC | LIL | LRH | MLH | NCE | NTE | ORY | TLS easyJet Switzerland
85%
BOD | CDG | LYS | MLH | MRS | NCE | SXB | TLS Turkish Airlines
85%
CDG | LYS | MRS | NCE | ORY Aeroflot
84%
CDG | LYS | NCE Qatar Airways
83%
AJA | BIQ | BOD | CDG | CLY | FSC | MRS | NCE | TLN Swiss
83%
CDG Japan Airlines
82%
BOD | LYS | MRS | NCE | NTE | ORY | TLS TAP Portugal
82%
CDG | MRS | NCE | ORY | PTP | TLS Alitalia
81%
CDG LOT
80%
BIA | BIQ | CDG | MPL | MRS | NCE | TLN SAS
80%
BOD | CDG | LYS | MPL | MRS | NCE | NTE | PGF | TLS Aer Lingus
78%
RNS Aer Lingus Regional
78%
CDG | LYS | NCE Finnair
78%
CDG Singapore Airlines
78%
CDG Air India
77%
CDG All Nippon Airways
77%
CDG Aeroméxico
76%
CDG Thai Airways
76%
CDG EgyptAir
75%
CDG Etihad Airways
75%
CDG LATAM Brasil
75%
PPT LATAM Chile
75%
BOD | CDG | LYS | MPL | MRS | NCE | NTE | ORY | SXB | TLS Royal Air Maroc
75%
CDG | LYS | MLH | NCE Austrian Airlines
74%
AJA | BIA | CDG | CLY | FSC | LDE | LYS | MLH | MRS | NCE | SXB | TLS Brussels Airlines
74%
CDG China Southern Airlines
74%
CDG Korean Air
74%
NOU Qantas
73%
CDG | MRS Ethiopian Airlines
72%
AJA | BIA | BOD | CDG | GNB | MPL | NCE Norwegian
72%
BES | BOD | CDG | DOL | ETZ | LIL | LYS | MLH | MRS | NCE | NTE | TLS Aegean Airlines
71%
CDG China Eastern Airlines
71%
CDG | MRS | NCE El Al
69%
BOD | CDG | ETZ | LIL | LYS | MLH | MPL | MRS | NCE | ORY | TLS Air Algérie
67%
CDG Saudia
67%
CDG | ORY Icelandair
64%
CDG Royal Jordanian
63%
CDG | DZA Kenya Airways
62%
BES | BIA | BOD | CDG | LIL | LYS | MLH | MRS | NCE | NTE | ORY | RNS | TLS Vueling
62%
CDG | NCE Air Serbia
61%
BOD | CDG | LYS | MLH | MRS | NCE | NTE | ORY | SXB | TLS Tunisair
60%
BVA | GNB | LYS | MLH | NCE | ORY Wizz Air
59%
CDG Cathay Pacific
58%
CDG Vietnam Airlines
58%
CDG EVA Air
57%
CDG | NCE Kuwait Airways
57%
CDG Oman Air
57%
BOD | CDG | NCE airBaltic
56%
CDG | LYS Croatia Airlines
56%
BIA | CDG | LYS | MLH | MPL | MRS | NCE Eurowings
56%
CDG Pakistan International Airlines
54%
CMF | TLS TUI
54%
AJA | BES | BIA | BOD | CDG | CFE | DLE | DOL | ETZ | LDE | LIL | LYS | MLH | MPL | MRS | NCE | NTE | ORY | RNS | SXB | TLN | TLS TUI fly Belgium
54%
MLH TUI fly Deutschland
54%
CDG | LDE | LYS | MRS | ORY Air Malta
53%
CDG | LYS | NCE TAROM
52%
CDG | NCE Ukraine International Airlines
52%
CDG | NCE Czech Airlines
51%
CDG | NCE Gulf Air
51%
AJA | CMF | EGC | GNB | MPL | NCE | ORY | TLN Transavia
51%
LYS | MPL | NTE | ORY Transavia France
51%
NOU | PPT Air New Zealand
50%
CDG Asiana Airlines
50%
CDG Iran Air
49%
AJA | BIA | BIQ | CDG | CLY | FSC | MPL | NTE Luxair
49%
CDG WestJet
49%
CDG | RUN | ZSE Air Mauritius
48%
AHE | AUQ | AXR | BOB | FAV | GMR | HOI | HUH | MAU | MKP | MOZ | MVT | NHV | PKP | PPT | RFP | RGI | RMT | RUR | TIH | TKP | TKX | TUB | UAH | UAP | XMH Air Tahiti
47%
CDG | PPT Air Tahiti Nui
47%
PTP JetBlue
47%
CDG | NCE Middle Eastern Airlines
47%
BOD | CDG | FDF | LYS | MLH | MRS | NCE | NTE | PTP | TLS Air Transat
46%
CDG | ORY Air Europa
45%
CDG | LYS | MLH | MRS | ORY Pegasus Airlines
45%
CDG Air Astana
44%
CDG | MRS Air Senegal
44%
CDG AZAL Azerbaijan Airlines
44%
CDG Bulgaria Air
44%
CDG | EGC | GNB | LRH | LYS | NCE Jet2
42%
CDG Uzbekistan Airways
42%
CDG | DZA | MRS | RUN | ZSE Air Austral
40%
AJA | BES | BIA | BIQ | BOD | CFR | CLY | DOL | FSC | LIL | LYS | MPL | MRS | NCE | NTE | PGF | PUF | RNS | SXB | TLS Volotea
40%
FDF | ORY | PTP | RUN Corsair International
39%
CMF | NCE S7 Airlines
39%
FDF | PTP | TLN Condor
38%
CDG Hainan Airlines
38%
CDG | NCE Belavia
37%
ORY | PPT | RUN French Bee
37%
BOD | CDG | LYS | MLH | MPL | PUF | SXB | TLS Air Arabia Maroc
36%
CAY | FDF | ORY | PTP | SBH | SFG Air Caraïbes
34%
AJA | BIA | CDG | CFE | CLY | DLE | FSC | LYS | MRS | NCE | ORY | TLN | TLS Air Corsica
32%
AVN | BES | BOD | CDG | CFR | CMF | EGC | LIG | LRH | LYS | NTE | PGF | RDZ | RNS | TLN flybe
32%
CDG | DZA | MRS | RUN Air Madagascar
30%
CAY Azul Brazilian Airlines
30%
PPT Hawaiian Airlines
30%
CDG Georgian Airways
28%
CDG XiamenAir
25%
FUT | NOU | PPT | WLS Aircalin
23%
BVA | NCE Air Moldova
22%
CDG | NCE | ORY Rossiya
22%
CDG | SXB Arkia
21%
BOD | LIL | LYS | MLH | NCE | NTE | SXB | TLS Nouvelair
21%
CDG | LYS | MLH | MRS | SXB SunExpress
21%
CDG Air Cairo
20%
FDF | PTP Air Belgium
18%
FDF Air Italy
18%
NCE | ORY La Compagnie
18%
CDG | CLY | FDF | ORY | PTP Level
18%
AJA | ANE | AUR | BES | BIA | BIQ | BOD | BVE | CFE | CLY | CFR | DCM | ETZ | FSC | LDE | LRH | LYS | MPL | MRS | NCE | ORY | PGF | PIS | SNR | SXB | TLN | TLS | TUF | URO Air France Hop
15%
CDG | MLH | NTE Corendon Airlines
15%
MLH Corendon Airlines Europe
15%
CDG | SXB Israir Airlines
15%
BOD | BVA | MRS | NCE | TLS Lauda
15%
BIA | BOD | CDG | FNI | LYS | MPL | PGF | SXB | TLN ASL Airlines France
14%
BOD | BVA | CDG | LYS | NCE Blue Air
14%
CDG | LYS Montenegro Airlines
14%
AJA | CDG | LIL | LYS | NTE SmartWings
14%
BOD | CDG | MPL Ural Airlines
14%
FDF | PTP | SBH | SFG Air Antilles
12%
CDG AnadoluJet
12%
NOU Air Vanuatu
10%
LYS BRA Bratheens
10%
CDG Cabo Verde Airlines
10%
BES | ETZ | LPY | LYS | MRS | NCE | ORY | PUF | SXB | TLS Twin Jet
10%
CDG | FSP | MQC Air Saint-Pierre
9%
CDG FlyOne
9%
PTP Neos
9%
ORY | RDZ Amelia International
8%
BIA | CDG Atlantic Airways
8%
PTP | SBH Winair
8%
GNB Aurigny
7%
AGF | AJA | BES | BIA | BOD | EGC | LIG | LRH | LYS | MPL | NCE | NTE | ORY | PIS | PUF | RNS | UIP Chalair Aviation
7%
FDF | PTP LIAT
7%
BMY | GEA | ILP | KNQ | KOC | LIF | MEE | TGJ | TOU | UVE Air Calédonie
6%
CAY | GSI | LDX | MPY | XAU Air Guyane
5%
LDE AlbaStar
5%
CLY Helvetic Airways
5%
BVA | NCE SkyUp
5%
CDG | MRS | NTE | SXB Tassili Airlines
5%
SBH | SFG St Barth Commuter
4%
CLY | MLH Chair Airlines
3%
LYS AirCompany Armenia
2%
CDG AtlasGlobal
2%
BES Finist'air
2%
LDE Titan Airways
2%
SBH Tradewind
2%
DZA Ewa Air
1%
NCE Heli Air Monaco
1%
DZA AB Aviation
0%
LRT | NCE | TLS APG Airlines
0%
MLH FlyEgypt
0%
MLH Holiday Europe
0%
TLS IGavion
0%
NCE Monacair
0%
MLH Orange2Fly
0%
PTP Servicios Aéreos Profesionales
0%
No matching quizzes found
Score Distribution
Percent of People with Each Score
Percentile by Number Answered
Your Score History
You have not taken this quiz